| 000 | 00418nam a22001697a 4500 | ||
|---|---|---|---|
| 003 | OSt | ||
| 008 | 250924b |||||||| |||| 00| 0 eng d | ||
| 020 | _a9789355428158 | ||
| 082 | _a006.31 TRA | ||
| 100 | _aTRANQUILLIN,Marco | ||
| 245 | _aArchitecting Data and Machine Learning Platforms | ||
| 250 | _a1st Ed | ||
| 260 |
_aMumbai _bSPD _c2023 |
||
| 300 | _a338 | ||
| 700 | _aLAKSHMANAN,Valliappa | ||
| 942 |
_2ddc _cBK |
||
| 999 |
_c13738 _d13738 |
||